| 000 | 00000nam 2200000zi 4500 |
| 001 | 9.929634 |
| 003 | CaOODSP |
| 005 | 20231030130939 |
| 006 | m o d f |
| 007 | cr |n||||||||| |
| 008 | 231030e20210419onca o f000 0 eng d |
| 040 | |aCaOODSP|beng|erda|cCaOODSP |
| 043 | |an-cn--- |
| 086 | 1 |aF2-296/2021E-PDF |
| 245 | 00|aToward a quality of life strategy for Canada. |
| 264 | 1|a[Ottawa] : |bDepartment of Finance Canada, |cApril 19, 2021. |
| 300 | |a1 online resource (36 pages) : |billustrations |
| 336 | |atext|btxt|2rdacontent |
| 337 | |acomputer|bc|2rdamedia |
| 338 | |aonline resource|bcr|2rdacarrier |
| 500 | |aIssued also in French under title: Vers une stratégie sur la qualité de vie pour le Canada. |
| 520 | |a"This report was created for consultations on the development of a Quality of Life Framework and to seek input into a new approach the government is developing to define and measure success and make better use of data and evidence to improve its decision-making"--Introduction, page 3. |
| 650 | 0|aQuality of life|xGovernment policy|zCanada. |
| 710 | 1 |aCanada. |bDepartment of Finance, |eissuing body. |
| 775 | 08|tVers une stratégie sur la qualité de vie pour le Canada.|w(CaOODSP)9.929640 |
| 856 | 40|qPDF|s2.26 MB|uhttps://publications.gc.ca/collections/collection_2023/fin/F2-296-2021-eng.pdf |